| 000 | 00567nam a22001457a 4500 | ||
|---|---|---|---|
| 999 |
_c63550 _d63550 |
||
| 003 | Ge_BSU | ||
| 005 | 20251030182639.0 | ||
| 008 | 251028s1994 ge ||||| |||| 00| 0 geo d | ||
| 041 | _ageo | ||
| 080 | _a657.15 ბ-98 | ||
| 245 |
_aბუღალტრული აღრიცხვის საერთაშორისო სტანდარტი ბასს 17 : _bიჯარის ბუღალტრული აღრიცხვა. |
||
| 264 |
_aთბილისი, _c1994. |
||
| 300 |
_a32 გვ. ; _b21 სმ. |
||
| 942 |
_2udc _cᲬᲘᲒᲜᲘ |
||